Komediant

Bibliographic Details
Other Authors: Vraniak, Igor (Interviewer)
Format: Article
Language:Slovak
PhysicalDescription:Obr. 1.
Subjects:

MARC

LEADER 00000nab a2200000 a 4500
001 vtls000157330
003 SK-MaSNL
005 20260303222125.0
008 160201c1983 xo 0 slo
015 |a SNBRB19rr/mm-uuuuu 
035 |a CL0167437 
040 |a SNKBUCL  |b slo  |c SNKBUCL  |e AACR2 
041 0 |a slo 
044 |a xo  |c SK 
080 |a 78.071.2  |2 1981 
080 |a 784.66  |2 1981 
080 |a 929 Laufer, Josef  |2 1981 
100 1 |a Vraniak, Igor  |4 ivr  |9 924049 
245 1 0 |a Komediant  |c Josef Laufer, Igor Vraniak 
300 |b Obr. 1. 
600 1 7 |a Laufer, Josef,  |d 1939-2024  |2 snkbucl  |9 242832 
655 7 |a rozhovory  |2 snkbucl  |9 31831 
655 7 |a články z novín a časopisov  |2 snkbucl  |9 267496 
700 1 |a Laufer, Josef,  |d 1939-2024  |4 ive  |9 242832 
773 0 |t Smena  |g Roč. 36, č. 214 (10. 9. 1983), s. 6 
850 |a Slovenská národná knižnica v Martine  |a MTA001 
852 |a SNK  |b KIS3GCP 
958 |a RK 
958 |a CZ 
992 |a RBX 
999 |c 2238439  |d 2240369